| 000 | 00633nam a22002177a 4500 | ||
|---|---|---|---|
| 005 | 20140310183631.0 | ||
| 008 | 131118b xxu||||| |||| 00| 0 eng d | ||
| 020 | _a9780470827659 | ||
| 050 |
_aHD 61 _b.W676 2013 |
||
| 100 | _aWiley, john | ||
| 245 |
_aOperational risk management / _cJohn Wiley. |
||
| 260 |
_aTower, Singapore : _bWiley, _c2013. |
||
| 300 |
_a220 p. : _bill. ; _c25 cm. |
||
| 504 | _aIncludes Index. | ||
| 521 | _aBSBA | ||
| 650 |
_aBanks and banking _xRisk management. |
||
| 650 | _aOperational risk. | ||
| 650 |
_aFinancial institutions _xRisk management. |
||
| 942 |
_2lcc _cBK _kFOR |
||
| 999 |
_c25602 _d25602 |
||